Plus grandes villes du monde par lettre - Q/R - Statistiques

Statistiques générales
  • Ce quiz a été pris 280 fois
  • Le résultat moyen est 6 sur 10
Statistiques - réponses
Pays Population Ville % Correct
Brésil 12.700 Mio Rio de Janeiro
98%
Italie 4.340 Mio Rome
96%
Maroc 2.136 Mio Rabat
93%
Pays-Bas 2.392 Mio Rotterdam - La Haye
91%
Arabie saoudite 6.920 Mio Riyad
87%
Équateur 2.671 Mio Quito
74%
Brésil 4.055 Mio Recife
36%
Russie 2.213 Mio Rostov-sur-le-Don
34%
Chine 6.353 Mio Qingdao
21%
Pakistan 2.276 Mio Quetta
7%
Aucun quiz correspondant
Distribution des résultats
% des personnes avec chaque résultat
Percentile par nombre de réponses
Votre historique - résultats
Vous n’avez pas pris ce quiz